[Event "4NCL Online Division 3"]
[Site "online"]
[Date "2021.03.23"]
[EventDate "2021.03.23"]
[Round "5.124"]
[White "Khan, Samir"]
[WhiteElo "1664"]
[WhiteTeam "MCS Oxford A"]
[Black "Brennan, J Ross"]
[BlackElo "1634"]
[BlackTeam "Alba Bon Accord 2"]
[Result "1-0"]
[PlyCount "65"]

1. e4 e5 2. Nf3 Nc6 3. Bc4 Bc5 4. b4 Bb6 5. O-O Nf6 6. b5 Na5 7. Nxe5 O-O 8. Be2 Bd4 9. c3 Bxe5 10. f4 Bd6 11. e5 Be7 12. exf6 Bxf6 13. d4 b6 14. Bd3 Bb7 15. Qc2 g6 16. Nd2 Bg7 17. f5 a6 18. a4 c6 19. bxc6 Bxc6 20. Nc4 Nxc4 21. Bxc4 d5 22. Bd3 Re8 23. Bd2 g5 24. f6 Bxf6 25. Bxh7+ Kg7 26. Qf5 Re6 27. Bxg5 Bxg5 28. Qxf7+ Kh8 29. Qxe6 Kxh7 30. Qxc6 Rc8 31. Rf7+ Kh8 32. Qg6 Be3+ 33. Kh1 1-0

[Event "4NCL Online Division 3"]
[Site "online"]
[Date "2021.03.23"]
[EventDate "2021.03.23"]
[Round "5.131"]
[White "Peacock, Malcolm R"]
[WhiteElo "2017"]
[WhiteTeam "Preston South End"]
[Black "Putar, Lara"]
[BlackElo "1899"]
[BlackTeam "St Benildus B"]
[Result "0-1"]
[PlyCount "88"]

1. c4 c5 2. g3 g6 3. Bg2 Bg7 4. Nc3 Nc6 5. a3 Nf6 6. Rb1 a5 7. Nh3 O-O 8. O-O e6 9. Nf4 Ne7 10. Nd3 Qc7 11. Nb5 Qb6 12. b4 axb4 13. axb4 cxb4 14. Rxb4 d5 15. c5 Qa5 16. Nc3 Qd8 17. Bb2 Nc6 18. Ra4 Rxa4 19. Nxa4 Qe7 20. Qa1 Na5 21. Nb6 Nb3 22. Qd1 Na5 23. Qa4 Nc6 24. Rb1 Rd8 25. Qa1 Ne8 26. Bxg7 Nxg7 27. Qb2 Bd7 28. Qc3 Nf5 29. e3 Be8 30. Nf4 d4 31. Qa3 dxe3 32. dxe3 Rd2 33. Nc4 Rd8 34. h4 h5 35. Kh2 Qc7 36. Qb2 Nce7 37. Qa3 Bc6 38. e4 Nxh4 39. Nxe6 fxe6 40. Nd6 Nxg2 41. Kxg2 Nf5 42. Qb3 Nd4 43. Qc3 Rxd6 44. cxd6 Bxe4+ 0-1

[Event "4NCL Online Division 3"]
[Site "online"]
[Date "2021.03.23"]
[EventDate "2021.03.23"]
[Round "5.132"]
[White "Murray, Benjamin"]
[WhiteElo "1910"]
[WhiteTeam "St Benildus B"]
[Black "Quinn, Kenny"]
[BlackElo "1962"]
[BlackTeam "Preston South End"]
[Result "1-0"]
[PlyCount "57"]

1. e4 c5 2. c3 d5 3. exd5 Qxd5 4. d4 Nf6 5. Nf3 Bg4 6. Be2 e6 7. Be3 cxd4 8. cxd4 Nc6 9. Nc3 Qd6 10. O-O Be7 11. Qd2 O-O 12. Rac1 a6 13. Rfd1 Rfd8 14. Bf4 Qb4 15. a3 Qb6 16. Na4 Qa7 17. Be3 Nd5 18. Nc3 Nxe3 19. fxe3 Bxf3 20. Bxf3 Ne5 21. Be2 Bg5 22. Kf2 Nc6 23. Qd3 Nxd4 24. exd4 Bxc1 25. Rxc1 Rxd4 26. Qe3 Rf4+ 27. Bf3 Rd4 28. Ne2 Rd2 29. Qxa7 1-0

[Event "4NCL Online Division 3"]
[Site "online"]
[Date "2021.03.23"]
[EventDate "2021.03.23"]
[Round "5.133"]
[White "Thompson, Peter"]
[WhiteElo "1875"]
[WhiteTeam "Preston South End"]
[Black "Healy, John"]
[BlackElo "1885"]
[BlackTeam "St Benildus B"]
[Result "1-0"]
[PlyCount "71"]

1. e4 c5 2. Nf3 Nc6 3. d3 g6 4. g3 Bg7 5. Bg2 e6 6. O-O Nge7 7. Re1 O-O 8. c3 d6 9. d4 cxd4 10. cxd4 d5 11. e5 Nf5 12. Nc3 f6 13. h4 fxe5 14. dxe5 h6 15. Bf4 Qe7 16. Rc1 Bd7 17. Qd2 Kh7 18. a3 Na5 19. Nxd5 Qd8 20. Rc7 Bc6 21. Ng5+ hxg5 22. Bxg5 Nb3 23. Qc3 Qxd5 24. Bxd5 Bxd5 25. Rd1 Nbd4 26. Rxd4 Nxd4 27. Qxd4 Kg8 28. Qd3 Rf5 29. f4 Raf8 30. g4 Bxe5 31. fxe5 Rxg5 32. hxg5 Rf3 33. Qxg6+ Kf8 34. Qh6+ Ke8 35. Qh8+ Rf8 36. Rc8+ 1-0

[Event "4NCL Online Division 3"]
[Site "online"]
[Date "2021.03.23"]
[EventDate "2021.03.23"]
[Round "5.134"]
[White "Putar, Leon"]
[WhiteElo "1872"]
[WhiteTeam "St Benildus B"]
[Black "Pennington, Geoffrey"]
[BlackElo "1734"]
[BlackTeam "Preston South End"]
[Result "1-0"]
[PlyCount "123"]

1. e4 c5 2. Nf3 Nc6 3. c3 d5 4. exd5 Qxd5 5. d4 Bg4 6. Be2 cxd4 7. cxd4 e6 8. Nc3 Qd8 9. O-O Nf6 10. h3 Bh5 11. Bg5 Be7 12. Rc1 O-O 13. Qd2 Nd5 14. Be3 Nxe3 15. fxe3 Rc8 16. Rfd1 Qa5 17. a3 Rfd8 18. Ne4 Qxd2 19. Rxd2 Nxd4 20. Rxc8 Nxe2+ 21. Kf2 Rxc8 22. Kxe2 Bg6 23. Nc3 f6 24. Rd7 Bxa3 25. Rxb7 Bxb2 26. Rxb2 Rxc3 27. Rb8+ Kf7 28. Rb7+ Kf8 29. Rxa7 Rc2+ 30. Nd2 Bf7 31. Kd3 Bg6+ 32. e4 Rc8 33. g4 Rd8+ 34. Ke3 f5 35. gxf5 exf5 36. exf5 Bxf5 37. Nf3 h6 38. h4 Re8+ 39. Kf4 Bh7 40. h5 Re4+ 41. Kg3 Re7 42. Ra6 Be4 43. Nd4 Re5 44. Kf4 Re7 45. Rd6 Bh7 46. Ne6+ Kf7 47. Nd8+ Ke8 48. Ne6 Rf7+ 49. Ke5 Ke7 50. Nd4 Rf1 51. Nc6+ Ke8 52. Rd8+ Kf7 53. Rd7+ Ke8 54. Rxg7 Re1+ 55. Kf6 Rf1+ 56. Ke6 Re1+ 57. Ne5 Bf5+ 58. Kxf5 Kf8 59. Rg6 Rf1+ 60. Ke6 Ra1 61. Nd7+ Ke8 62. Rg8# 1-0

[Event "4NCL Online Division 3"]
[Site "online"]
[Date "2021.03.23"]
[EventDate "2021.03.23"]
[Round "5.141"]
[White "Sloan, Cecil"]
[WhiteElo "1749"]
[WhiteTeam "Watford 2"]
[Black "Ye, Kevin"]
[BlackElo "1968"]
[BlackTeam "Manchester Juniors A"]
[Result "0-1"]
[PlyCount "108"]

1. e4 e5 2. Nf3 Nc6 3. d4 exd4 4. Bc4 Nf6 5. e5 d5 6. Bb5 Ne4 7. Nxd4 Bd7 8. Bxc6 bxc6 9. O-O Bc5 10. f3 Ng5 11. f4 Ne4 12. Be3 Bb6 13. Nc3 Nxc3 14. bxc3 O-O 15. Qf3 Qe7 16. Nb3 f6 17. Bxb6 cxb6 18. Rae1 fxe5 19. Rxe5 Qxe5 20. fxe5 Rxf3 21. gxf3 Re8 22. f4 c5 23. Rf2 Bh3 24. Nd2 Re6 25. Nf3 Rg6+ 26. Kh1 h6 27. Nh4 Re6 28. Rf3 Bg4 29. Re3 g5 30. Rg3 Bh5 31. fxg5 Rxe5 32. gxh6+ Kh7 33. Rg7+ Kxh6 34. Rxa7 Re1+ 35. Kg2 Re2+ 36. Kg3 Re3+ 37. Kf4 Re4+ 38. Kg3 Re3+ 39. Kf4 Re4+ 40. Kg3 Rc4 41. Nf5+ Kg5 42. Ne7 Rxc3+ 43. Kf2 Rxc2+ 44. Ke3 d4+ 45. Kd3 Rxh2 46. Rb7 Be2+ 47. Ke4 d3 48. Rd7 c4 49. Nd5 d2 50. Nc3 Bd3+ 51. Ke3 Re2+ 52. Kf3 Re1 53. Rxd3 cxd3 54. Ne4+ Rxe4 0-1

[Event "4NCL Online Division 3"]
[Site "online"]
[Date "2021.03.23"]
[EventDate "2021.03.23"]
[Round "5.142"]
[White "Parry, Samuel"]
[WhiteElo "1863"]
[WhiteTeam "Manchester Juniors A"]
[Black "Hammond, Rob"]
[BlackElo "1792"]
[BlackTeam "Watford 2"]
[Result "1-0"]
[PlyCount "49"]

1. d4 d5 2. Nc3 Nf6 3. Bg5 Bf5 4. f3 Nbd7 5. Nxd5 Nxd5 6. e4 Bg6 7. exd5 Nb6 8. c4 h6 9. Bh4 Qd7 10. Bd3 Bxd3 11. Qxd3 g5 12. Bg3 e6 13. dxe6 Qxe6+ 14. Kf2 O-O-O 15. Ne2 Nxc4 16. Rac1 Nd6 17. d5 Qf6 18. Nd4 Rd7 19. Rhe1 Qd8 20. Nc6 bxc6 21. dxc6 Ne4+ 22. Qxe4 Rd2+ 23. Kg1 Qd4+ 24. Qxd4 Rxd4 25. Be5 1-0

[Event "4NCL Online Division 3"]
[Site "online"]
[Date "2021.03.23"]
[EventDate "2021.03.23"]
[Round "5.143"]
[White "Russell, Chris"]
[WhiteElo "1769"]
[WhiteTeam "Watford 2"]
[Black "Gardiner, Ethan"]
[BlackElo "1782"]
[BlackTeam "Manchester Juniors A"]
[Result "1-0"]
[PlyCount "113"]

1. d4 Nf6 2. c4 e6 3. Nc3 Bb4 4. Qc2 O-O 5. e4 d5 6. e5 Ne4 7. a3 Bxc3+ 8. bxc3 c5 9. cxd5 exd5 10. Bd3 Nc6 11. Ne2 Bg4 12. f3 Bxf3 13. O-O Bxe2 14. Qxe2 Nxc3 15. Qc2 Ne4 16. dxc5 Nxe5 17. Bxe4 dxe4 18. Qxe4 Re8 19. Qf4 Qd5 20. Be3 f6 21. Rfd1 Qe6 22. Bf2 Rad8 23. Qg3 Qg4 24. Qb3+ Kh8 25. Rd6 Nc4 26. h3 Qf4 27. Rxd8 Rxd8 28. Qxb7 Nxa3 29. Qe7 Rg8 30. c6 Nb5 31. Be3 Qe5 32. Qxe5 fxe5 33. Rb1 Rc8 34. Rxb5 Rxc6 35. Rxe5 h6 36. Bxa7 Kh7 37. Kf2 Rc2+ 38. Re2 Rc3 39. Bd4 Rc7 40. h4 Rf7+ 41. Ke3 Rb7 42. g4 Rb3+ 43. Kf4 Rb7 44. g5 g6 45. Bc5 hxg5+ 46. hxg5 Rc7 47. Re7+ Rxe7 48. Bxe7 Kg7 49. Ke5 Kf7 50. Bf6 Kf8 51. Ke6 Ke8 52. Bg7 Kd8 53. Kf6 Ke8 54. Kxg6 Ke7 55. Kh7 Kf7 56. g6+ Ke8 57. Bc3 1-0

[Event "4NCL Online Division 3"]
[Site "online"]
[Date "2021.03.23"]
[EventDate "2021.03.23"]
[Round "5.151"]
[White "Anderson, Peter W"]
[WhiteElo "2045"]
[WhiteTeam "Wessex Some Stars C"]
[Black "Turner, Howard"]
[BlackElo "1885"]
[BlackTeam "Catford Cosmonauts 3"]
[Result "1-0"]
[PlyCount "99"]

1. d4 Nf6 2. c4 Nc6 3. Nf3 d6 4. Bf4 Bg4 5. d5 Bxf3 6. exf3 Nb8 7. Bd3 e5 8. dxe6 fxe6 9. O-O Be7 10. Re1 e5 11. Bg5 Nbd7 12. Nc3 c6 13. f4 O-O 14. Bc2 Qc7 15. fxe5 Nxe5 16. h3 Rae8 17. b3 d5 18. cxd5 Bb4 19. Bd2 Bxc3 20. Bxc3 Nxd5 21. Bb2 Nb4 22. Bxh7+ Kxh7 23. Qh5+ Kg8 24. Rxe5 Rxe5 25. Qxe5 Qf7 26. Qg3 Nd5 27. Re1 Nf6 28. Bd4 b6 29. Qd6 c5 30. Bxf6 Qxf6 31. Qxf6 Rxf6 32. Re7 a5 33. Rc7 Kh7 34. Kf1 Kg6 35. Ke2 Rd6 36. Ke3 Kf6 37. f4 g5 38. fxg5+ Kxg5 39. g4 Rg6 40. Rh7 Re6+ 41. Kd3 Rd6+ 42. Kc3 b5 43. Rh5+ Kf4 44. Rxc5 b4+ 45. Kc4 Rd2 46. Rxa5 Rh2 47. Kxb4 Rxh3 48. g5 Rg3 49. Rc5 Ke3 50. a4 1-0

[Event "4NCL Online Division 3"]
[Site "online"]
[Date "2021.03.23"]
[EventDate "2021.03.23"]
[Round "5.152"]
[White "John, Maxamillian"]
[WhiteElo "1923"]
[WhiteTeam "Catford Cosmonauts 3"]
[Black "Pleasants, Allan J"]
[BlackElo "2039"]
[BlackTeam "Wessex Some Stars C"]
[Result "0-1"]
[PlyCount "46"]

1. d4 d6 2. Nc3 g6 3. e4 Bg7 4. Be3 a6 5. h4 h5 6. Be2 Nf6 7. f3 Nc6 8. g4 e5 9. d5 Ne7 10. g5 Nd7 11. Qd2 O-O 12. O-O-O b5 13. f4 exf4 14. Bxf4 Ne5 15. Re1 b4 16. Nd1 c6 17. Nf2 cxd5 18. exd5 Qa5 19. Kb1 Nxd5 20. Bxe5 Bxe5 21. Bf3 Be6 22. Kc1 Bxb2+ 23. Kd1 Nc3+ 0-1

[Event "4NCL Online Division 3"]
[Site "online"]
[Date "2021.03.23"]
[EventDate "2021.03.23"]
[Round "5.153"]
[White "Marsh, Roger D W"]
[WhiteElo "1955"]
[WhiteTeam "Wessex Some Stars C"]
[Black "Alvares, Owen"]
[BlackElo "1809"]
[BlackTeam "Catford Cosmonauts 3"]
[Result "1/2-1/2"]
[PlyCount "126"]

1. d4 d5 2. c4 dxc4 3. e4 Nc6 4. Nf3 Bg4 5. Bxc4 e6 6. Bb5 Bb4+ 7. Bd2 Bxd2+ 8. Nbxd2 Ne7 9. O-O O-O 10. Be2 Ng6 11. h3 Bxf3 12. Nxf3 Nce7 13. Qd2 c6 14. Rfd1 Qc7 15. Rac1 Rad8 16. b4 Nf4 17. Bf1 Qb8 18. g3 Nh5 19. b5 Nf6 20. Qb4 Rfe8 21. Bd3 h6 22. Ne5 Nd7 23. bxc6 bxc6 24. Qxb8 Nxb8 25. Be2 Rd6 26. Nc4 Rd7 27. Ne5 Rd6 28. Rc4 Red8 29. Nf3 Nc8 30. Rb1 Nb6 31. Rcb4 Rc8 32. Rc1 Rdd8 33. a4 N6d7 34. Rb7 c5 35. Rxa7 cxd4 36. Rxc8 Rxc8 37. Nxd4 Ne5 38. Ra8 Rf8 39. a5 Nbc6 40. Rxf8+ Kxf8 41. Nxc6 Nxc6 42. a6 Ke7 43. e5 Kd8 44. f4 Na7 45. Kf2 Kc7 46. Ke3 Kb6 47. Kd4 g6 48. g4 Nc6+ 49. Ke4 Nd8 50. f5 g5 51. Bc4 Ka7 52. Kd3 Kb6 53. Kc3 Nc6 54. fxe6 fxe6 55. Bxe6 Kxa6 56. Kd3 Nxe5+ 57. Ke4 Ng6 58. Kf5 Nf4 59. Bc4+ Kb6 60. Bf1 Kc5 61. h4 Nd5 62. hxg5 hxg5 63. Kxg5 Ne3 1/2-1/2

[Event "4NCL Online Division 3"]
[Site "online"]
[Date "2021.03.23"]
[EventDate "2021.03.23"]
[Round "5.154"]
[White "Oyvat, Cem"]
[WhiteElo "1732"]
[WhiteTeam "Catford Cosmonauts 3"]
[Black "Pentakota, Rajasekhar"]
[BlackElo "1936"]
[BlackTeam "Wessex Some Stars C"]
[Result "1-0"]
[PlyCount "99"]

1. d4 g6 2. Bf4 d6 3. Nc3 Bg7 4. e4 Nc6 5. Nf3 Bg4 6. d5 Nd4 7. Be2 Nxe2 8. Qxe2 e5 9. Be3 a6 10. h3 Bd7 11. Qd2 Ne7 12. Bh6 O-O 13. h4 Bg4 14. h5 gxh5 15. Bxg7 Kxg7 16. Ng5 Ng6 17. f3 Bd7 18. g3 h6 19. Nh3 f5 20. O-O-O fxe4 21. Nxe4 Rxf3 22. Nhf2 h4 23. gxh4 Nxh4 24. Rdg1+ Kh7 25. Qd1 Rf4 26. Qh5 Be8 27. Qe2 Bg6 28. Rg3 Qe7 29. Re3 Raf8 30. Nd3 Rf3 31. Rxf3 Nxf3 32. Qe3 Nh4 33. Qe1 Ng2 34. Qe2 Nf4 35. Nxf4 Rxf4 36. Qh2 h5 37. Ng3 Qg5 38. Kb1 h4 39. Ne2 Qf5 40. Nxf4 exf4 41. Qxh4+ Kg7 42. Qh8+ Kf7 43. Qc3 f3 44. Qxc7+ Kf6 45. Qxd6+ Kg5 46. Rg1+ Kh6 47. Qh2+ Bh5 48. Qd2+ Kh7 49. d6 Bg4 50. Qd3 1-0

[Event "4NCL Online Division 3"]
[Site "online"]
[Date "2021.03.23"]
[EventDate "2021.03.23"]
[Round "5.161"]
[White "Renegade, Richard"]
[WhiteElo "1752"]
[WhiteTeam "Crewe AOL"]
[Black "Hann, R Mark"]
[BlackElo "2026"]
[BlackTeam "Bolton and Worsley 1"]
[Result "0-1"]
[PlyCount "68"]

1. e4 e6 2. Nc3 d5 3. exd5 exd5 4. d4 Bb4 5. Bd3 Nc6 6. a3 Ba5 7. Ne2 Nge7 8. Bg5 f6 9. Bf4 Bg4 10. f3 Bf5 11. g4 Bg6 12. h4 h5 13. Qd2 Qd7 14. O-O-O O-O-O 15. Rdg1 hxg4 16. fxg4 Be4 17. Rh3 g5 18. Bxe4 dxe4 19. Be3 Rxh4 20. Rxh4 gxh4 21. b4 Bb6 22. Nxe4 Qe6 23. Nc5 Bxc5 24. bxc5 Ne5 25. Nf4 Qa2 26. Qc3 Nc4 27. g5 fxg5 28. Ne6 Nd5 29. Qxc4 Qxc4 30. Bxg5 Re8 31. Ng7 Re2 32. Bd2 Rxd2 33. Kxd2 Qxd4+ 34. Ke2 Qxg1 0-1

[Event "4NCL Online Division 3"]
[Site "online"]
[Date "2021.03.23"]
[EventDate "2021.03.23"]
[Round "5.162"]
[White "Tyton, Adam"]
[WhiteElo "1894"]
[WhiteTeam "Bolton and Worsley 1"]
[Black "Holcman, Lukasz"]
[BlackElo "1705"]
[BlackTeam "Crewe AOL"]
[Result "1-0"]
[PlyCount "31"]

1. e4 e6 2. d4 d5 3. Nc3 c5 4. exd5 exd5 5. Bb5+ Nc6 6. Nf3 a6 7. Bxc6+ bxc6 8. O-O Nf6 9. Re1+ Be6 10. Ng5 Qd7 11. Be3 cxd4 12. Bxd4 c5 13. Bxf6 gxf6 14. Nxe6 fxe6 15. Nxd5 O-O-O 16. Nb6+ 1-0

[Event "4NCL Online Division 3"]
[Site "online"]
[Date "2021.03.23"]
[EventDate "2021.03.23"]
[Round "5.163"]
[White "McElvenny, Damien"]
[WhiteElo "1892"]
[WhiteTeam "Crewe AOL"]
[Black "Bolton and Worsley 1"]
[BlackElo "1755"]
[BlackTeam "Hulme, David I"]
[Result "1-0"]
[PlyCount "63"]

1. e4 e5 2. Nf3 Nc6 3. Bc4 Bc5 4. O-O Qe7 5. Re1 Nf6 6. h3 d6 7. c3 Bb6 8. d4 Bd7 9. Bg5 h6 10. Bh4 O-O-O 11. b4 g5 12. Bg3 exd4 13. cxd4 Nxe4 14. Nbd2 f5 15. Bd5 Qf6 16. Nxe4 fxe4 17. Bxe4 Nxd4 18. Nxd4 Bxd4 19. Rb1 h5 20. a4 h4 21. Bh2 Bxf2+ 22. Kh1 Bxe1 23. Qxe1 Rde8 24. b5 d5 25. Qc1 Qd8 26. Bxd5 Rh7 27. Bf3 Rhe7 28. Qc3 Re3 29. Qa5 Bxh3 30. Rc1 b6 31. Qa6+ Kb8 32. Qb7# 1-0

[Event "4NCL Online Division 3"]
[Site "online"]
[Date "2021.03.23"]
[EventDate "2021.03.23"]
[Round "5.164"]
[White "Hodgson, Christopher"]
[WhiteElo "1750"]
[WhiteTeam "Bolton and Worsley 1"]
[Black "Layhe, Neville"]
[BlackElo "1628"]
[BlackTeam "Crewe AOL"]
[Result "1-0"]
[PlyCount "113"]

1. e4 d5 2. exd5 Qxd5 3. Nc3 Qa5 4. Nf3 Nf6 5. b3 Bg4 6. h3 Bh5 7. Bb2 e6 8. Qe2 c6 9. Qe5 Qxe5+ 10. Nxe5 Nbd7 11. Nxd7 Kxd7 12. g4 Bg6 13. O-O-O Rd8 14. Bg2 Kc7 15. f4 Bd6 16. Rhf1 Rhg8 17. Rde1 h5 18. f5 exf5 19. gxf5 Bh7 20. Ne4 Nxe4 21. Bxe4 f6 22. Bd3 Bg3 23. Re3 h4 24. Re4 Rge8 25. Rg4 Rd7 26. Bc4 Re1+ 27. Rxe1 Bxe1 28. Be6 Bxd2+ 29. Kb1 Bg5 30. Bxd7 Kxd7 31. Ra4 Bxf5 32. Rxa7 Kc7 33. Ra8 Bxh3 34. Rg8 Bh6 35. Rh8 Bg5 36. Rh7 Bd7 37. Rxg7 h3 38. Rh7 Kd6 39. Ba3+ c5 40. Bxc5+ Kxc5 41. Rxd7 h2 42. Rd1 Be3 43. c4 Bg1 44. Rd5+ Kc6 45. Rh5 f5 46. Kc2 Kd6 47. Kd3 Ke5 48. Rh4 Kf6 49. Ke2 Kg5 50. Rh7 Kf4 51. Kf1 Kf3 52. Rh3+ Kg4 53. Kg2 f4 54. Rd3 f3+ 55. Rxf3 h1=Q+ 56. Kxh1 Kxf3 57. Kxg1 1-0

[Event "4NCL Online Division 3"]
[Site "online"]
[Date "2021.04.06"]
[EventDate "2021.04.06"]
[Round "6.11"]
[White "Constantine, Marc"]
[WhiteElo "1774"]
[WhiteTeam "Urmston"]
[Black "Hooker, Steve"]
[BlackElo "1952"]
[BlackTeam "Dorking Casuals"]
[Result "0-1"]
[PlyCount "64"]

1. d4 g6 2. e4 Bg7 3. c4 d6 4. Nc3 Nd7 5. f3 e5 6. d5 f5 7. Be3 Ngf6 8. Bd3 Nc5 9. Qc2 fxe4 10. Nxe4 Nfxe4 11. Bxe4 Nxe4 12. fxe4 Bh6 13. Qd3 Qh4+ 14. Bf2 Qg4 15. Qf3 Qg5 16. Qd3 Qxg2 17. Qf3 Qg5 18. h4 Qd2+ 19. Kf1 Rf8 20. Qe2 Qf4 21. Ke1 Bg4 22. Qc2 Rd8 23. Nh3 Qf3 24. Rg1 Qxh3 25. Rg3 Qxh4 26. Rg1 Qh3 27. Rg3 Qh1+ 28. Rg1 Qf3 29. Rg3 Qf4 30. a4 Bg5 31. Rg1 Bf3 32. Bg3 Qe3+ 0-1

[Event "4NCL Online Division 3"]
[Site "online"]
[Date "2021.04.06"]
[EventDate "2021.04.06"]
[Round "6.12"]
[White "Herman, Thomas"]
[WhiteElo "1841"]
[WhiteTeam "Dorking Casuals"]
[Black "Robinson, Alex"]
[BlackElo "1605"]
[BlackTeam "Urmston"]
[Result "1-0"]
[PlyCount "43"]

1. e4 e6 2. d4 d5 3. exd5 exd5 4. Nf3 Bd6 5. c4 c6 6. Nc3 Ne7 7. Bd3 Bg4 8. O-O O-O 9. Bg5 f6 10. Bh4 dxc4 11. Bxc4+ Kh8 12. Ne4 Bc7 13. h3 Bh5 14. g4 Bg6 15. Nc5 Qc8 16. Be6 Qe8 17. Nxb7 Nd7 18. Nc5 Nxc5 19. dxc5 Rd8 20. Qa4 f5 21. Rfe1 Rd3 22. Bxe7 1-0

[Event "4NCL Online Division 3"]
[Site "online"]
[Date "2021.04.06"]
[EventDate "2021.04.06"]
[Round "6.13"]
[White "Randall, Grant"]
[WhiteElo "1583"]
[WhiteTeam "Urmston"]
[Black "Collins, Anthony S"]
[BlackElo "1897"]
[BlackTeam "Dorking Casuals"]
[Result "0-1"]
[PlyCount "148"]

1. e4 c6 2. d4 d5 3. exd5 cxd5 4. Bd3 Nc6 5. Nf3 Bg4 6. c3 e6 7. Bf4 Bd6 8. Bxd6 Qxd6 9. Nbd2 Nf6 10. O-O O-O 11. Re1 a6 12. Qc2 b5 13. Ne5 Bh5 14. Ndf3 Rac8 15. Nxc6 Rxc6 16. Ne5 Rc7 17. a3 Rb8 18. Qd2 a5 19. Rec1 Ne4 20. Qe3 f6 21. Nf3 Bxf3 22. Qxf3 Nd2 23. Qd1 Qf4 24. Rc2 Nc4 25. Qe2 e5 26. b3 Nd6 27. dxe5 fxe5 28. Rcc1 d4 29. Qe1 e4 30. g3 Qf5 31. Bf1 d3 32. Qd2 Rf8 33. Bg2 Rcf7 34. Rf1 Re7 35. Rae1 Qd5 36. Rb1 Qc5 37. b4 axb4 38. cxb4 Qd5 39. Bh3 Nc4 40. Qa2 Ra8 41. Rb3 Nd2 42. Rb2 Qxa2 43. Rxa2 Nxf1 44. Kxf1 g6 45. Bg2 Kf7 46. Ke1 Kf6 47. Kd2 Ke5 48. Ke3 Rea7 49. Bxe4 Rxa3 50. Rxa3 Rxa3 51. Bxd3 g5 52. Kd2 Ra2+ 53. Ke3 Rb2 54. Bxb5 Rxb4 55. Bd3 h6 56. Kd2 Kd4 57. Bg6 Rb2+ 58. Ke1 Kc3 59. Kf1 Kd2 60. f4 gxf4 61. gxf4 Ke3 62. f5 Rxh2 63. Kg1 Rf2 64. Bh7 h5 65. Bg6 h4 66. Bh7 h3 67. Kh1 Kf3 68. f6 Kg3 69. Bd3 Rxf6 70. Kg1 Rd6 71. Be2 Re6 72. Bd3 Re1+ 73. Bf1 h2+ 74. Kh1 Rxf1# 0-1

[Event "4NCL Online Division 3"]
[Site "online"]
[Date "2021.04.06"]
[EventDate "2021.04.06"]
[Round "6.14"]
[White "Buckley, Keith"]
[WhiteElo "1616"]
[WhiteTeam "Dorking Casuals"]
[Black "Bellis, Dave"]
[BlackElo "1430"]
[BlackTeam "Urmston"]
[Result "1-0"]
[PlyCount "51"]

1. e4 e6 2. Nf3 d6 3. d4 g6 4. c4 Ne7 5. Nc3 Bg7 6. Be2 Nd7 7. Bg5 h6 8. Be3 b6 9. Qd2 Bb7 10. O-O a6 11. Rfe1 g5 12. Rad1 Ng6 13. h3 Qe7 14. b4 Qd8 15. c5 b5 16. a4 d5 17. exd5 exd5 18. axb5 axb5 19. Bxb5 c6 20. Bxg5+ Ne7 21. Rxe7+ Kf8 22. Rxf7+ Kxf7 23. Bxd8 cxb5 24. Qf4+ Kg8 25. Qc7 Rc8 26. Qxd7 1-0

[Event "4NCL Online Division 3"]
[Site "online"]
[Date "2021.04.06"]
[EventDate "2021.04.06"]
[Round "6.21"]
[White "Moore, Eoin"]
[WhiteElo "1749"]
[WhiteTeam "Kent KJCA Kestrels D"]
[Black "Sudhan, Hari Hara"]
[BlackElo "2120"]
[BlackTeam "Uxbridge A Cults"]
[Result "0-1"]
[PlyCount "92"]

1. d4 Nf6 2. c4 e6 3. Nc3 Bb4 4. Qc2 O-O 5. Nf3 Bxc3+ 6. Qxc3 b5 7. Bg5 bxc4 8. Qxc4 Ba6 9. Qc2 h6 10. Bh4 Nc6 11. Bxf6 Qxf6 12. e3 Bxf1 13. Rxf1 Rab8 14. a3 Rb7 15. O-O-O Rfb8 16. Nd2 Rxb2 17. Qxb2 Rxb2 18. Kxb2 Qf5 19. Rb1 Qb5+ 20. Nb3 Na5 21. Ka2 Nxb3 22. Rfe1 Qa5 23. Kxb3 Qd2 24. Rf1 d6 25. Rbd1 Qe2 26. a4 Kh7 27. Rde1 Qd3+ 28. Kb4 Qd2+ 29. Kb3 a5 30. Ra1 c5 31. dxc5 dxc5 32. Kc4 Qb4+ 33. Kd3 c4+ 34. Ke2 Qb2+ 35. Kf3 f5 36. Rfc1 e5 37. g3 c3 38. Rab1 Qa2 39. Ra1 Qd5+ 40. Ke2 Qd2+ 41. Kf1 c2 42. Re1 Kg6 43. h4 Kh5 44. Kg2 Kg4 45. Rf1 Qe2 46. Ra2 Qxf1+ 0-1

[Event "4NCL Online Division 3"]
[Site "online"]
[Date "2021.04.06"]
[EventDate "2021.04.06"]
[Round "6.22"]
[White "Symonds, Richard H"]
[WhiteElo "1990"]
[WhiteTeam "Uxbridge A Cults"]
[Black "Ratnesan, Radha"]
[BlackElo "1729"]
[BlackTeam "Kent KJCA Kestrels D"]
[Result "1-0"]
[PlyCount "89"]

1. d4 Nf6 2. Nc3 d5 3. Bf4 Bf5 4. f3 e6 5. g4 Bg6 6. h4 h5 7. g5 Nfd7 8. e3 Bb4 9. Bd3 Bxd3 10. cxd3 Nc6 11. Ne2 Nb6 12. O-O Ne7 13. Rc1 a6 14. Qb3 Bd6 15. a4 Bxf4 16. Nxf4 Rb8 17. a5 Nd7 18. Na4 Nf5 19. Ng2 O-O 20. Qc3 c6 21. Nc5 Qc7 22. f4 Rfe8 23. b4 f6 24. Rf3 fxg5 25. hxg5 Nf8 26. e4 Nd6 27. Rcf1 Nb5 28. Qb2 Re7 29. Nh4 Rd8 30. Rd1 Rf7 31. Qf2 Nc3 32. Rd2 Nb5 33. g6 Re7 34. e5 Nd7 35. f5 exf5 36. Nxf5 Ree8 37. Qh4 Nf8 38. Qxh5 Nxg6 39. Qxg6 Rf8 40. Nh6+ Kh8 41. Nf7+ Kg8 42. Rdf2 Rfe8 43. Rh2 Kf8 44. Rh8+ Ke7 45. Qe6# 1-0

[Event "4NCL Online Division 3"]
[Site "online"]
[Date "2021.04.06"]
[EventDate "2021.04.06"]
[Round "6.23"]
[White "Chaban, Roxolana"]
[WhiteElo "1686"]
[WhiteTeam "Kent KJCA Kestrels D"]
[Black "Kamath, Raghu"]
[BlackElo "1900"]
[BlackTeam "Uxbridge A Cults"]
[Result "0-1"]
[PlyCount "70"]

1. e4 e5 2. Nf3 Nc6 3. Bc4 Nf6 4. d4 exd4 5. e5 d5 6. Bb5 Ne4 7. Nxd4 Bc5 8. Be3 Bxd4 9. Qxd4 O-O 10. Bxc6 bxc6 11. O-O c5 12. Qd3 a5 13. Rd1 Bb7 14. f3 c4 15. Qe2 Ng5 16. Nc3 Ne6 17. Bf2 Qg5 18. Qe3 Qg6 19. Nxd5 Rfe8 20. c3 Rad8 21. Nf4 Nxf4 22. Qxf4 Rd3 23. Qg4 Qxg4 24. fxg4 Rxe5 25. Bd4 Re2 26. Re1 Rxg2+ 27. Kf1 f6 28. Re8+ Kf7 29. Rae1 Rxh2 30. R8e7+ Kg6 31. Rxc7 Bf3 32. g5 Rdd2 33. Rc1 Rh1+ 34. Bg1 Rg2 35. gxf6 Rhxg1# 0-1

[Event "4NCL Online Division 3"]
[Site "online"]
[Date "2021.04.06"]
[EventDate "2021.04.06"]
[Round "6.24"]
[White "Colter, Nigel"]
[WhiteElo "1758"]
[WhiteTeam "Uxbridge A Cults"]
[Black "Brightley-Davies, Ciaran"]
[BlackElo "1625"]
[BlackTeam "Kent KJCA Kestrels D"]
[Result "1-0"]
[PlyCount "127"]

1. d4 e6 2. Nf3 Nf6 3. e3 d5 4. Bd3 c5 5. b3 Nc6 6. O-O cxd4 7. exd4 Bd6 8. Bb2 O-O 9. Nbd2 Re8 10. Re1 Qc7 11. a3 Bd7 12. Rc1 e5 13. dxe5 Nxe5 14. Nxe5 Bxe5 15. Bxe5 Rxe5 16. Nf3 Rxe1+ 17. Qxe1 Re8 18. Qb4 Bg4 19. Nd2 Be2 20. Qd4 Bxd3 21. Qxd3 h6 22. Nf1 Qf4 23. Qd2 Qxd2 24. Nxd2 Ne4 25. Re1 Kf8 26. Nf3 Nc3 27. Rxe8+ Kxe8 28. Kf1 Nb1 29. a4 Na3 30. Nd4 a6 31. Ke2 g6 32. Kd2 b5 33. axb5 Nxb5 34. Nxb5 axb5 35. Kc3 Kd7 36. Kd4 Kd6 37. b4 f6 38. h3 g5 39. g4 Kc6 40. Ke3 Kd6 41. f4 Ke6 42. fxg5 fxg5 43. Kd4 Kd6 44. c3 Ke6 45. Kc5 Ke5 46. Kxb5 Kf4 47. Kc5 Kg3 48. b5 Kxh3 49. b6 Kxg4 50. b7 h5 51. b8=Q h4 52. Qc8+ Kg3 53. Qc7+ Kh3 54. Qd7+ g4 55. Kxd5 Kg3 56. Qd6+ Kh3 57. Qe6 Kg3 58. Qe3+ Kh2 59. Qf4+ Kh3 60. Qf1+ Kg3 61. Qg1+ Kh3 62. Ke4 g3 63. Kf3 g2 64. Qxg2# 1-0

[Event "4NCL Online Division 3"]
[Site "online"]
[Date "2021.04.06"]
[EventDate "2021.04.06"]
[Round "6.31"]
[White "Fisher, Neal"]
[WhiteElo "1902"]
[WhiteTeam "Chessmates"]
[Black "Barker, Luke"]
[BlackElo "1826"]
[BlackTeam "Phones Pals"]
[Result "0-1"]
[PlyCount "84"]

1. d4 d6 2. Nf3 Nf6 3. Bf4 g6 4. c3 Bg7 5. h4 Nfd7 6. e3 O-O 7. h5 e5 8. dxe5 Nxe5 9. Nxe5 dxe5 10. Bg3 Qxd1+ 11. Kxd1 Bg4+ 12. Be2 Bxe2+ 13. Kxe2 f5 14. hxg6 hxg6 15. Nd2 Nc6 16. Rh3 f4 17. exf4 exf4 18. Bh4 Rae8+ 19. Kf1 Re5 20. Nf3 Rb5 21. Rb1 Bxc3 22. Ng5 Rxb2 23. Rxb2 Bxb2 24. Ne6 Rf5 25. Nxc7 g5 26. g4 Ra5 27. Rb3 Bd4 28. Bxg5 Rxg5 29. Ne6 Rxg4 30. Nxd4 Nxd4 31. Rxb7 Rg7 32. Rb4 Rd7 33. Kg2 Kf7 34. a4 Ke6 35. Kh3 Kf5 36. Rb8 Ke4 37. Kg2 Rg7+ 38. Kf1 f3 39. Re8+ Kd3 40. Re3+ Kd2 41. a5 Ne2 42. Rxf3 Rg1# 0-1